Η υπόθεση "Ανδρεάδη" και το οικονομικό σύνταγμα

Αποθηκεύτηκε σε:
Λεπτομέρειες βιβλιογραφικής εγγραφής
Κύριοι συγγραφείς: Μάνεσης, Αριστόβουλος Ι., 1922-2000, Παπαδημητρίου, Γιώργος Αλ., 1944-2009 (Συγγραφέας)
Άλλοι συγγραφείς: Μανιτάκης, Αντώνης Ν., 1944-
Μορφή: Βιβλίο
Γλώσσα:Greek
Δημοσίευση: Αθήνα ; Κομοτηνή : Σάκκουλας, Αντ., c1991
Θέματα:
Ετικέτες: Προσθήκη ετικέτας
Δεν υπάρχουν, Καταχωρήστε ετικέτα πρώτοι!

MARC

LEADER 00000cam a2200000 i 4500
001 1/41875
008 070302s1991 gr ||| | gre||
035 |l 10087199 
040 |a GR-MY-UA  |b gre  |e aacr 
041 0 |a gre 
082 0 |a 342.495   |2 (22) 
100 1 |a Μάνεσης, Αριστόβουλος Ι.,   |d 1922-2000. 
245 1 2 |a Η υπόθεση "Ανδρεάδη" και το οικονομικό σύνταγμα /   |c Αριστ. Ι. Μάνεσης, Αντ. Ν. Μανιτάκης, Γ. Παπαδημητρίου. 
260 |a Αθήνα ; Κομοτηνή :   |b Σάκκουλας, Αντ.,   |c c1991 
300 |a 133 σ.;   |c 21 εκ. 
650 0 0 |a Constitutional law  |z Greece. 
700 1 |a Μανιτάκης, Αντώνης Ν.,   |d 1944- 
700 1 |a Παπαδημητρίου, Γιώργος Αλ.,   |d 1944-2009,  |e aut 
852 |a INST  |b CHIOS  |e 20070302  |h 342.495 ΜΑΝ  |p 005200029081  |q 005200029081  |t BK  |y 0 
901 |a BIBL2-2007-1 
909 |a Χ  |b 130912 
970 |a ΒΑΣΙΛΑΚΗ  |b ΝΙΚΗ  |z 2007/03/02